A-Z pop stars of the 1970s - Statistics

General Stats
  • This quiz has been taken 86 times
  • The average score is 17 of 26
Answer Stats
Picture Answer % Correct
John Lennon
100%
Elton John
99%
Paul McCartney
99%
David Bowie
97%
Abba
96%
Kiss
93%
Queen
93%
Rod Stewart
90%
Village People
89%
Alice Cooper
84%
Fleetwood Mac
84%
George Harrison
84%
Police
76%
Who
69%
Neil Young
53%
Cliff Richard
49%
Gloria Gaynor
49%
T-Rex
41%
David Essex
40%
Led Zeppelin
39%
Gary Numan
37%
Isley Brothers
37%
Ian Dury
31%
Ultravox
31%
Gilbert O'Sullivan
29%
XTC
29%
No matching quizzes found
Score Distribution
Percent of People with Each Score
Percentile by Number Answered
Your Score History
You have not taken this quiz